Quiz film "Tre uomini e una gamba" di Aldo, Giovanni e Giacomo - Statistics

Statistiche generali
  • Questo quiz è stato fatto 218 volte
    208 dall'ultimo reset
  • Il punteggio medio è 11 su 15
Statistiche sulle risposte
Definizione Risposta % Corretto
Regione in cui sono diretti i tre per il matrimonio di Giacomo Puglia
93%
Calciatore la cui maglia Aldo avrebbe invece voluto prendere ma era finita Ronaldo
90%
Ciò che, secondo Giovanni, Aldo dovrebbe mangiare a mezzogiorno dopo una peperonata a colazione topi morti
88%
Calciatore la cui maglia è usata da Aldo come pigiama, e prestata a Giacomo in ospedale Ciriaco Sforza
85%
Nome del cane del cavalier Cecconi Ringhio
85%
Tipo di scultura che i tre stanno trasportando, che a sua volta prende il nome dal suo artista Garpez
83%
Molluschi che causano a Giacomo una colica renale Cozze
82%
Gioco a cui Giovanni accetta di giocare con un bambino in un bar Braccio di ferro
80%
Aggettivo con cui è spesso definito Giovanni pignolo
76%
Nome del negozio in cui lavorano Aldo, Giovanni e Giacomo Il paradiso della Brugola
75%
Calciatore che è "el gran visir de tücc i terun" Salvatore Schillaci
64%
Destinazione estiva di Marina Brindisi / Grecia
63%
Titolo della canzone che fa commuovere Giovanni alla guida: "Non ce la faccio, troppi ricordi" Luci a San Siro
58%
Obiettivo a cui devono sparare Al, John e Jack nello sketch all'inizio del film Presidente John F. Kennedy
52%
Politico di cui Giacomo indossa la maschera durante l'irruzione a casa dell'ingegnere per riprendersi la gamba Francesco Cossiga
39%
Nessun quiz corrispondente trovato
Distribuzione punteggi
Percentuale di utenti per punteggio
Percentile per numero di risposta
I tuoi punteggi nel tempo
Non hai fatto questo quiz dall'ultimo reset